<?xml version="1.0" encoding="UTF-8"?>
<record
    xmlns:xsi="http://www.w3.org/2001/XMLSchema-instance"
    xsi:schemaLocation="http://www.loc.gov/MARC21/slim http://www.loc.gov/standards/marcxml/schema/MARC21slim.xsd"
    xmlns="http://www.loc.gov/MARC21/slim">

  <leader>01781nam0a2200361 i 4500</leader>
  <controlfield tag="001">RU\NLR\bibl\1985827</controlfield>
  <controlfield tag="005">20260406013916.0</controlfield>
  <datafield tag="010" ind1=" " ind2=" ">
    <subfield code="a">9785751610821</subfield>
    <subfield code="9">3000</subfield>
  </datafield>
  <datafield tag="021" ind1=" " ind2=" ">
    <subfield code="a">RU</subfield>
    <subfield code="b">2012-97586</subfield>
    <subfield code="9">7214</subfield>
  </datafield>
  <datafield tag="035" ind1=" " ind2=" ">
    <subfield code="a">(NLR Aleph) 001974447</subfield>
  </datafield>
  <datafield tag="090" ind1=" " ind2=" ">
    <subfield code="a">4001556</subfield>
    <subfield code="c">4001556</subfield>
  </datafield>
  <datafield tag="100" ind1=" " ind2=" ">
    <subfield code="a">20130110d2012    u  y0rusy50      ca</subfield>
  </datafield>
  <datafield tag="101" ind1="0" ind2=" ">
    <subfield code="a">rus</subfield>
    <subfield code="a">fre</subfield>
  </datafield>
  <datafield tag="102" ind1=" " ind2=" ">
    <subfield code="a">RU</subfield>
  </datafield>
  <datafield tag="105" ind1=" " ind2=" ">
    <subfield code="a">y   |||||||||</subfield>
  </datafield>
  <datafield tag="200" ind1="1" ind2=" ">
    <subfield code="a">&#x421;&#x442;&#x438;&#x445;&#x43E;&#x442;&#x432;&#x43E;&#x440;&#x435;&#x43D;&#x438;&#x44F;</subfield>
    <subfield code="d">Po&#xE9;sies</subfield>
    <subfield code="f">&#x421;&#x442;&#x435;&#x444;&#x430;&#x43D; &#x41C;&#x430;&#x43B;&#x43B;&#x430;&#x440;&#x43C;&#x435;</subfield>
    <subfield code="g">&#x43F;&#x435;&#x440;. &#x441; &#x444;&#x440;., &#x441;&#x43E;&#x441;&#x442;. &#x438; &#x43A;&#x43E;&#x43C;&#x43C;&#x435;&#x43D;&#x442;. &#x420;&#x43E;&#x43C;&#x430;&#x43D;&#x430; &#x414;&#x443;&#x431;&#x440;&#x43E;&#x432;&#x43A;&#x438;&#x43D;&#x430;</subfield>
    <subfield code="g">&#x43F;&#x440;&#x435;&#x434;&#x438;&#x441;&#x43B;. &#x421;&#x435;&#x440;&#x433;&#x435;&#x44F; &#x417;&#x435;&#x43D;&#x43A;&#x438;&#x43D;&#x430;</subfield>
    <subfield code="z">fre</subfield>
  </datafield>
  <datafield tag="210" ind1=" " ind2=" ">
    <subfield code="a">&#x41C;&#x43E;&#x441;&#x43A;&#x432;&#x430;</subfield>
    <subfield code="c">&#x422;&#x435;&#x43A;&#x441;&#x442;</subfield>
    <subfield code="d">2012</subfield>
  </datafield>
  <datafield tag="215" ind1=" " ind2=" ">
    <subfield code="a">235, [2] &#x441;.</subfield>
    <subfield code="d">17</subfield>
  </datafield>
  <datafield tag="300" ind1=" " ind2=" ">
    <subfield code="a">&#x410;&#x432;&#x442;. &#x442;&#x430;&#x43A;&#x436;&#x435; &#x43D;&#x430; &#x444;&#x440;. &#x44F;&#x437;.: St&#xE9;phane Mallarm&#xE9;</subfield>
  </datafield>
  <datafield tag="300" ind1=" " ind2=" ">
    <subfield code="a">&#x422;&#x435;&#x43A;&#x441;&#x442; &#x43F;&#x430;&#x440;&#x430;&#x43B;. &#x43D;&#x430; &#x440;&#x443;&#x441;. &#x438; &#x444;&#x440;. &#x44F;&#x437;.</subfield>
  </datafield>
  <datafield tag="320" ind1=" " ind2=" ">
    <subfield code="a">&#x411;&#x438;&#x431;&#x43B;&#x438;&#x43E;&#x433;&#x440;. &#x432; &#x442;&#x435;&#x43A;&#x441;&#x442;&#x435; &#x43A;&#x43E;&#x43C;&#x43C;&#x435;&#x43D;&#x442;.: &#x441;. 208-236 &#x438; &#x432; &#x43F;&#x43E;&#x434;&#x441;&#x442;&#x440;&#x43E;&#x447;. &#x43F;&#x440;&#x438;&#x43C;&#x435;&#x447;.</subfield>
  </datafield>
  <datafield tag="327" ind1="1" ind2=" ">
    <subfield code="a">&#x421;&#x43E;&#x434;&#x435;&#x440;&#x436;.: &#x446;&#x438;&#x43A;&#x43B;&#x44B;: &#x421;&#x442;&#x438;&#x445;&#x43E;&#x442;&#x432;&#x43E;&#x440;&#x435;&#x43D;&#x438;&#x44F;; &#x420;&#x430;&#x43D;&#x43D;&#x438;&#x435; &#x441;&#x442;&#x438;&#x445;&#x43E;&#x442;&#x432;&#x43E;&#x440;&#x435;&#x43D;&#x438;&#x44F;; &#x418;&#x437; "&#x421;&#x430;&#x442;&#x438;&#x440;&#x438;&#x447;&#x435;&#x441;&#x43A;&#x43E;&#x433;&#x43E; &#x41F;&#x430;&#x440;&#x43D;&#x430;&#x441;&#x430;"; &#x418;&#x437; "&#x421;&#x43E;&#x432;&#x440;&#x435;&#x43C;&#x435;&#x43D;&#x43D;&#x43E;&#x433;&#x43E; &#x41F;&#x430;&#x440;&#x43D;&#x430;&#x441;&#x430;"; &#x414;&#x440;&#x443;&#x433;&#x438;&#x435; &#x441;&#x442;&#x438;&#x445;&#x43E;&#x442;&#x432;&#x43E;&#x440;&#x435;&#x43D;&#x438;&#x44F;; &#x41D;&#x435;&#x441;&#x43A;&#x43E;&#x43B;&#x44C;&#x43A;&#x43E; &#x441;&#x43E;&#x43D;&#x435;&#x442;&#x43E;&#x432;; &#x41F;&#x43E;&#x441;&#x432;&#x44F;&#x449;&#x435;&#x43D;&#x438;&#x44F; &#x438; &#x43D;&#x430;&#x434;&#x433;&#x440;&#x43E;&#x431;&#x44C;&#x44F;; &#x414;&#x440;&#x443;&#x433;&#x438;&#x435; &#x441;&#x442;&#x438;&#x445;&#x43E;&#x442;&#x432;&#x43E;&#x440;&#x435;&#x43D;&#x438;&#x44F; &#x438; &#x441;&#x43E;&#x43D;&#x435;&#x442;&#x44B;</subfield>
  </datafield>
  <datafield tag="510" ind1="1" ind2=" ">
    <subfield code="6">z73790</subfield>
    <subfield code="a">Po&#xE9;sies</subfield>
    <subfield code="z">fre</subfield>
  </datafield>
  <datafield tag="686" ind1=" " ind2=" ">
    <subfield code="a">&#x428;6(2=&#x420;)8-57</subfield>
  </datafield>
  <datafield tag="686" ind1=" " ind2=" ">
    <subfield code="a">&#x428;6(4&#x424;&#x440;)57&#x44F;44{&#x41B;&#x445;1647-175}</subfield>
  </datafield>
  <datafield tag="700" ind1=" " ind2="1">
    <subfield code="4">070</subfield>
    <subfield code="7">ca</subfield>
    <subfield code="8">rus</subfield>
    <subfield code="a">&#x41C;&#x430;&#x43B;&#x43B;&#x430;&#x440;&#x43C;&#x435;</subfield>
    <subfield code="b">&#x421;.</subfield>
    <subfield code="f">1842-1898</subfield>
    <subfield code="g">&#x421;&#x442;&#x435;&#x444;&#x430;&#x43D;</subfield>
    <subfield code="3">RU\NLR\auth\7753432</subfield>
    <subfield code="9">36364</subfield>
  </datafield>
  <datafield tag="790" ind1=" " ind2="1">
    <subfield code="4">070</subfield>
    <subfield code="8">fre</subfield>
    <subfield code="7">ba</subfield>
    <subfield code="a">Mallarm&#xE9;</subfield>
    <subfield code="b">S.</subfield>
    <subfield code="f">1842-1898</subfield>
    <subfield code="g">St&#xE9;phane</subfield>
    <subfield code="3">RU\NLR\auth\77119412</subfield>
    <subfield code="9">102337</subfield>
  </datafield>
  <datafield tag="801" ind1=" " ind2="0">
    <subfield code="a">RU</subfield>
    <subfield code="b">NLR</subfield>
    <subfield code="c">20130110</subfield>
    <subfield code="g">RCR</subfield>
  </datafield>
  <datafield tag="801" ind1=" " ind2="1">
    <subfield code="a">RU</subfield>
    <subfield code="b">NLR</subfield>
    <subfield code="c">20130110</subfield>
  </datafield>
  <datafield tag="942" ind1=" " ind2=" ">
    <subfield code="c">BOOK</subfield>
  </datafield>
  <datafield tag="980" ind1=" " ind2=" ">
    <subfield code="a">NBR</subfield>
  </datafield>
</record>
